LDR 00945nam a2200241 i 4500 001 000000035203 003 CaOOAMICUS 005 20260528142900.0 008 101015s1984 gw u000 u ger u 013 $a3128 020 $a3-402-03347-X 040 $aSeMil$bita 245 10$a1. 260 $aMünster :$bAschendorff,$c1984. 300 $a132 p., [5] carte di tav. :$britr. ;$c23 cm. 773 0 $tKatholische Theologen der Reformationszeit.$dMünster : Aschendorff, 1984-1988.$kKatholisches Leben und Kirchenreform im Zeitalter der Glaubensspaltung$g1$w()23872 850 $aSeMil 852 $aSeMil$W1$xVenegono$y1$m2B IV 418$j272731$B1358$CSeMilBibl$Z2$F1358 $81 961 $aAcquisto: Casa editrice 996 $6020$a3-402-03347-X$9(OLS)http://semarc/number/3300 996 $6245$a1$9(OLS)http://semarc/title/6508 996 $6260$aMünster :$bAschendorff$9(OLS)http://semarc/publisher/29674